| 000 | 00583nam a2200193 a 4500 | ||
|---|---|---|---|
| 005 | 20240925064607.0 | ||
| 008 | 991125c1990 mx 000 0 spa u | ||
| 020 | _a9682107784 | ||
| 035 | _aUPN01000036974 | ||
| 049 | _aCG | ||
| 050 | 4 |
_aBF698.9 C6 _bS5.48 1990 |
|
| 100 | 1 |
_aSkinner, B. F. _q(Burrhus Frederic), _d1904-1990 _930021 |
|
| 245 | 1 | 0 |
_aMás allá de la libertad y la dignidad / _cB. F. Skinner ; tr. Juan José Coy. |
| 260 |
_aMéxico : _bRoca, _c1990. |
||
| 300 | _a205 p. | ||
| 650 | 4 |
_aConducta (Psicología) _94460 |
|
| 650 | 4 |
_aPersonalidad _97690 |
|
| 905 | _aLibro | ||
| 999 |
_c36974 _d36974 |
||